000 00554nam a22001817a 4500
003 OSt
005 20221027175407.0
008 221027b |||||||| |||| 00| 0 eng d
040 _cBiblioteca Lado V
082 _2750
_aBf468d
100 _9221
_aFietzek, Gerti
_ecurador
245 _aDocumenta 11_Platform 5: Exhibition/
_bCatalogue/
260 _aNew York
_bHatje Cantz Publishers
_c2002
300 _a620p.
_c26x31cm
490 _aPARTE I
700 _aEspinoza Calle, Mercedes
_edocumentacion
942 _2ddc
_c1
_h750
_iF468d
_n0
999 _c2378
_d2378